ბათუმის შოთა რუსთაველის სახელმწიფო უნივერსიტეტის ბიბლიოთეკა

Интегрирование. Меры на локально-компактных пространствах. Продолжение меры. Интерирование мер. (ბიბ.ჩანაწერი № 48111)

000 -LEADER
fixed length control field 00952nam a2200229Ia 4500
001 - CONTROL NUMBER
control field 14992
003 - CONTROL NUMBER IDENTIFIER
control field GE_BSU
008 - FIXED-LENGTH DATA ELEMENTS--GENERAL INFORMATION
fixed length control field 181216s||||||||xx |||||||||||||| ||und||
040 ## - CATALOGING SOURCE
Transcribing agency GE_BSU
080 ## - UNIVERSAL DECIMAL CLASSIFICATION NUMBER
Universal Decimal Classification number 517.397
100 ## - MAIN ENTRY--PERSONAL NAME
Personal name Бурбаки,Н.
245 ## - TITLE STATEMENT
Title Интегрирование. Меры на локально-компактных пространствах. Продолжение меры. Интерирование мер.
245 ## - TITLE STATEMENT
Remainder of title Меры на отдельных пространствах
245 ## - TITLE STATEMENT
Statement of responsibility, etc. Под.ред.Ю.В.Прохорова
260 ## - PUBLICATION, DISTRIBUTION, ETC.
Place of publication, distribution, etc. Москва
260 ## - PUBLICATION, DISTRIBUTION, ETC.
Name of publisher, distributor, etc. Наука
260 ## - PUBLICATION, DISTRIBUTION, ETC.
Date of publication, distribution, etc. 1977
300 ## - PHYSICAL DESCRIPTION
Extent 600стр.22см.
653 ## - INDEX TERM--UNCONTROLLED
Uncontrolled term Интегрирование. Меры на локально-компактных пространствах. Продолжение меры. Интерирование мер.
653 ## - INDEX TERM--UNCONTROLLED
Uncontrolled term Меры на отдельных пространствах
942 ## - ADDED ENTRY ELEMENTS (KOHA)
Koha item type წიგნი
ეგზემპლარები
Withdrawn status Lost status Damaged status Not for loan Date acquired Barcode Date last seen Price effective from Koha item type
        2018-12-17 15003 2018-12-17 2018-12-17 წიგნი
        2018-12-17 15772 2018-12-17 2018-12-17 წიგნი